[Event "Vignola Weekend-A 9th"]
[Site "Vignola"]
[Date "2010.11.13"]
[Round "2"]
[White "Landi, Filippo"]
[Black "Di Trapani, Davide"]
[Result "0-1"]
[WhiteElo "1645"]
[BlackElo "2000"]
[PlyCount "48"]
[EventDate "2010.11.12"]
[EventType "swiss"]
[EventRounds "5"]
[EventCountry "ITA"]
[SourceTitle "EXT 2024"]
[Source "ChessBase"]
[SourceDate "2023.10.10"]
[SourceVersion "1"]
[SourceVersionDate "2023.10.10"]
[SourceQuality "1"]

1. b3 e5 2. Bb2 Nc6 3. e3 d6 4. c4 Bf5 5. Nc3 Nf6 6. a3 g6 7. d4 exd4 8. exd4 d5 9. c5 Bg7 10. Bb5 0-0 11. Bxc6 bxc6 12. Bc1 Re8+ 13. Nce2 Ne4 14. Be3 Qf6 15. h3 Nxc5 16. b4 Nd3+ 17. Kf1 Rxe3 18. fxe3 Bg4+ 19. Nf4 Bxd1 20. Rxd1 Nxf4 21. exf4 Qxf4+ 22. Nf3 Re8 23. Kf2 Bf6 24. Rhe1 Bh4+ 0-1